Classical electricty and magnetism (Record no. 17842)

MARC details
000 -LEADER
fixed length control field 00582nam a2200193Ia 4500
003 - CONTROL NUMBER IDENTIFIER
control field IN-BaIIA
008 - FIXED-LENGTH DATA ELEMENTS--GENERAL INFORMATION
fixed length control field 211028s9999 xx 000 0 eng d
040 ## - CATALOGING SOURCE
Transcribing agency IIA Library
080 ## - UNIVERSAL DECIMAL CLASSIFICATION NUMBER
Universal Decimal Classification number 537
Item number PAN
100 ## - MAIN ENTRY--PERSONAL NAME
Personal name Panofsky, Wolfgan K. H
9 (RLIN) 33885
245 #0 - TITLE STATEMENT
Title Classical electricty and magnetism
Statement of responsibility, etc. Wolfgan K. H Panofsky and Melba Phillips
250 ## - EDITION STATEMENT
Edition statement 2nd ed.
260 ## - PUBLICATION, DISTRIBUTION, ETC.
Place of publication, distribution, etc. Massachusetts
Name of publisher, distributor, etc. Addison-Wesley
Date of publication, distribution, etc. 1964
300 ## - PHYSICAL DESCRIPTION
Extent xii, 399p.
650 ## - SUBJECT ADDED ENTRY--TOPICAL TERM
Topical term or geographic name entry element Electricty
9 (RLIN) 33886
650 ## - SUBJECT ADDED ENTRY--TOPICAL TERM
Topical term or geographic name entry element Magnetism
9 (RLIN) 56
700 ## - ADDED ENTRY--PERSONAL NAME
Personal name Phillips, Melba
9 (RLIN) 4170
942 ## - ADDED ENTRY ELEMENTS (KOHA)
Koha item type Books
Holdings
Withdrawn status Lost status Damaged status Not for loan Home library Current library Shelving location Date acquired Total Checkouts Full call number Barcode Date last seen Price effective from Koha item type
        IIA Library-Bangalore IIA Library-Bangalore General Stacks 07/10/2010   537/ PAN 18764 05/11/2021 07/10/2010 Books

Powered by Koha